Words and Colors Blitz Quiz Stats

 Plays Quiz Updated Nov 15, 2016

Also try: Pick Which Color?
Challenge
Share
Tweet
Score 0/36 Timer 01:00
0 Plays Today
Hint Answer % Correct
1???
72.6%
22???
72.2%
15???
72.1%
29???
71.8%
36???
71.6%
8???
71.1%
31???
66.2%
25???
66%
19???
66%
34???
65.8%
11???
65.8%
28???
65.8%
4???
65.8%
10???
65.7%
27???
65.7%
13???
65.7%
5???
65.7%
17???
65.7%
Hint Answer % Correct
16???
65.7%
35???
65.7%
23???
65.6%
3???
65.5%
7???
65.4%
33???
65.4%
21???
65.4%
9???
65.4%
18???
64.7%
12???
64.6%
24???
64.5%
14???
64.3%
6???
64.3%
30???
64.1%
32???
64%
20???
63.9%
26???
63.6%
2???
62.3%

You're not logged in!

Compare scores with friends on all Sporcle quizzes.
OR
Log In

You Might Also Like...

Show Comments

Extras

Top Quizzes Today


Score Distribution

Your Account Isn't Verified!

In order to create a playlist on Sporcle, you need to verify the email address you used during registration. Go to your Sporcle Settings to finish the process.

Report this User

Report this user for behavior that violates our Community Guidelines.

Details: